000 00506nmm a2200169Ia 4500
008 251105s9999||||xx |||||||||||||||||und||
020 _a9789560006295
041 _aspa
100 _aMadrid, Edwin
245 0 _aLínea imaginaria : antología de la poesía ecuatoriana
264 _a[Santiago de Chile, Chile] :
_bLOM Ediciones,
_c2016
300 _a364 páginas
490 _aEntre Mares
650 _aLatin American poetry
856 _uhttps://public.digitaliapublishing.com/a/41642
942 _cCF
999 _c93528
_d93528